000 00974cab a2200313 4500
001 ABS56924
008 090401t1997 xxu||||| |||| 00| 0 eng d
035 _a(Sirsi) u78053
041 _aeng
100 _aJordan, T.
245 _aDisappearing loophole?
260 _c1997
350 _a0
490 _aTaxation
_v139(3601) 10 April 1997, 40-43(4)
520 _aExamines the legislation relating to agricultural property relief. Case law.
650 _aAGRICULTURAL PROPERTY RELIEFS
650 _aAGRICULTURAL PROPERTY
650 _aAGRICULTURAL TENANCIES ACT 1995
650 _aFINANCE ACT 1996
650 _aGUNTER V NEWTOWN OYSTER FISHERY
650 _aHARROLD EXORS V COMMISSIONERS OF INLAND REVENUE
650 _aHEMENS V WHITSBURY FARM & STUD LTD
650 _aINHERITANCE TAX ACT 1984
650 _aINHERITANCE TAX
650 _aWALTONS EXECUTORS V INLAND REVENUE COMMISSIONERS
690 _aTAXATION
942 _n0
948 _c29/04/1997
999 _c49107
_d49107